[Event "CYCC U18"]
[Site "Windsor CAN"]
[Date "2010.07.09"]
[Round "7"]
[White "Gelis, Paul"]
[Black "Lee, Brendon"]
[Result "1-0"]
[WhiteElo "2216"]
[BlackElo "1936"]
[PlyCount "131"]
[EventDate "2010.07.06"]
[EventType "swiss"]
[EventRounds "7"]
[EventCountry "CAN"]

1. d4 Nf6 2. Nf3 g6 3. c4 Bg7 4. Nc3 d5 5. Bg5 Ne4 6. cxd5 Nxc3 7. bxc3 Qxd5 8.
e3 Qa5 9. Qb3 Nc6 10. Bb5 Be6 11. Bxc6+ bxc6 12. Qb4 Qxb4 13. cxb4 h6 14. Bf4
Rc8 15. O-O O-O 16. Rfc1 Bd5 17. Rc5 Rb8 18. a3 Rfc8 19. Rac1 g5 20. Bxc7 Rxc7
21. Rxd5 cxd5 22. Rxc7 a5 23. Rxe7 axb4 24. axb4 Rxb4 25. g4 Rb6 26. Rd7 Rb5
27. h4 Bf6 28. h5 Kf8 29. Kg2 Ke8 30. Ra7 Rb6 31. Ng1 Re6 32. Ne2 Bd8 33. Nc3
Rd6 34. Rb7 Ba5 35. Ne2 Rd7 36. Rb5 Bd2 37. Rb6 Kf8 38. Rxh6 Kg7 39. Rb6 Ba5
40. Ra6 Bd8 41. Ng3 f6 42. Nf5+ Kf7 43. Rd6 Rxd6 44. Nxd6+ Kg7 45. Nf5+ Kf7 46.
f3 Bc7 47. Kf2 Bd8 48. Ke2 Bc7 49. Kd3 Bd8 50. Kc3 Ba5+ 51. Kb3 Bd2 52. Ka4 Bc1
53. Kb5 Ba3 54. Kc6 Bb4 55. Kxd5 Ba5 56. Kc6 Bd8 57. Kd7 Ba5 58. h6 Kg6 59. d5
Bb6 60. d6 Ba5 61. Ke8 Bb6 62. d7 Bc5 63. d8=Q Bf8 64. Kxf8 Kh7 65. Qe7+ Kg6
66. Qg7# 1-0

[Event "CYCC U18"]
[Site "Windsor CAN"]
[Date "2010.07.09"]
[Round "7"]
[White "Manley, Jason"]
[Black "Hambleton, Aman"]
[Result "0-1"]
[WhiteElo "2038"]
[BlackElo "2315"]
[PlyCount "112"]
[EventDate "2010.07.06"]
[EventType "swiss"]
[EventRounds "7"]
[EventCountry "CAN"]

1. e4 e6 2. d4 d5 3. exd5 exd5 4. c4 Nf6 5. Nc3 c6 6. Nf3 Be7 7. Be2 O-O 8. O-O
dxc4 9. Ne5 Be6 10. a4 Nbd7 11. Nxc4 Nb6 12. Ne3 a5 13. Bf3 Qd7 14. Ne2 Nfd5
15. Bd2 Rfe8 16. Qc2 Nb4 17. Bxb4 Bxb4 18. Rfd1 Nd5 19. Nc4 Qc7 20. Nc3 Rad8
21. Nd2 Bd6 22. Nf1 Nb4 23. Qb1 Bb3 24. Rd2 Bf4 25. Re2 Rxe2 26. Nxe2 Nc2 27.
g3 Bd6 28. Ne3 Nxa1 29. Qxa1 Be7 30. Nf5 Bf6 31. Qa3 Be6 32. Qd3 Bxf5 33. Qxf5
Bxd4 34. Nxd4 Rxd4 35. Qc2 g6 36. Qb3 Kg7 37. Qc3 Qe5 38. Kg2 Qf6 39. Qxa5 Rd3
40. Be2 Rb3 41. Qc5 Rxb2 42. Bf3 Ra2 43. a5 Qa1 44. Qb6 Rxa5 45. Qxb7 c5 46.
Bd5 Qf6 47. Qc7 Rb5 48. Bc4 Rb2 49. Qxc5 Rc2 50. Qd5 Qxf2+ 51. Kh3 Qxh2+ 52.
Kg4 Qh5+ 53. Kf4 Qxd5 54. Bxd5 f5 55. Bb7 Kf6 56. Ba8 Rc3 0-1

[Event "Calgary int."]
[Site "Calgary CAN"]
[Date "2010.05.20"]
[Round "1.1"]
[White "Mikhalevski, Victor"]
[Black "Piasetski, Leon"]
[Result "1-0"]
[WhiteElo "2614"]
[BlackElo "2301"]
[PlyCount "121"]
[EventDate "2010.05.20"]
[EventType "swiss"]
[EventRounds "9"]
[EventCountry "CAN"]

1. d4 d6 2. c4 e5 3. Nf3 Nd7 4. Nc3 g6 5. g3 Bg7 6. Bg2 Ne7 7. O-O O-O 8. e4
Nc6 9. d5 Nd4 10. Nxd4 exd4 11. Nb5 Ne5 12. Nxd4 Nxc4 13. Rb1 Ne5 14. b3 c5 15.
Nc2 f5 16. f4 Nf7 17. exf5 Bxf5 18. g4 Bxc2 19. Qxc2 Bd4+ 20. Kh1 Nh6 21. Bf3
Qd7 22. f5 Nf7 23. Be4 Ne5 24. Qg2 Qg7 25. Bd2 a5 26. g5 gxf5 27. Bxf5 Kh8 28.
Qh3 Rae8 29. Rbe1 b6 30. Re4 Ng6 31. Rxe8 Rxe8 32. Bd3 Qg8 33. Qf3 Rf8 34. Qe4
Re8 35. Qf3 Rf8 36. Qe4 Re8 37. Qf5 Rf8 38. Qe6 Rxf1+ 39. Bxf1 Qxe6 40. dxe6
Kg7 41. Kg2 Kf8 42. Bc4 Ne5 43. Bd5 Ke7 44. h4 Ng6 45. h5 Nf8 46. Kf3 Nxe6 47.
Ke4 Be5 48. a4 Ng7 49. h6 Ne6 50. Bc4 Kd7 51. Bf1 Ke7 52. Bd3 Kf8 53. Bc1 Ke7
54. Be3 Kf8 55. Bc4 Ke7 56. Kd5 Bf4 57. Bxf4 Nxf4+ 58. Ke4 Ng6 59. Bg8 Kf8 60.
Bxh7 Ne7 61. g6 1-0

[Event "Calgary int."]
[Site "Calgary CAN"]
[Date "2010.05.20"]
[Round "1.3"]
[White "Torre, Eugenio"]
[Black "Haessel, Dale"]
[Result "1-0"]
[WhiteElo "2506"]
[BlackElo "2207"]
[PlyCount "75"]
[EventDate "2010.05.20"]
[EventType "swiss"]
[EventRounds "9"]
[EventCountry "CAN"]

1. d4 d5 2. Nf3 e6 3. c4 Nf6 4. Bg5 Be7 5. Nc3 O-O 6. e3 Nbd7 7. Qc2 h6 8. Bh4
b6 9. cxd5 exd5 10. Bd3 Bb7 11. O-O c5 12. Rad1 Rc8 13. Bf5 c4 14. Ne5 Ra8 15.
f4 Re8 16. g4 Nf8 17. Qg2 N6h7 18. Bf2 Rb8 19. Bg3 a6 20. Bb1 b5 21. a3 Bd6 22.
Rde1 g6 23. h4 Bxe5 24. fxe5 Ne6 25. Qc2 Qd7 26. h5 Nef8 27. hxg6 fxg6 28. Rf4
Ng5 29. Kg2 Re7 30. Ref1 Rbe8 31. Bh4 Bc8 32. Qf2 Nfe6 33. Rf6 Rg7 34. Bxg6
Rxg6 35. Rxg6+ Kh7 36. Qf5 Ng7 37. Rxh6+ Kxh6 38. Bxg5# 1-0

[Event "Calgary int."]
[Site "Calgary CAN"]
[Date "2010.05.20"]
[Round "1.4"]
[White "Neven, Knut"]
[Black "Castellanos, Renier"]
[Result "0-1"]
[WhiteElo "2180"]
[BlackElo "2465"]
[PlyCount "114"]
[EventDate "2010.05.20"]
[EventType "swiss"]
[EventRounds "9"]
[EventCountry "CAN"]

1. e4 c5 2. Nf3 e6 3. d4 cxd4 4. Nxd4 a6 5. Bd3 Nf6 6. Nc3 d6 7. O-O Nbd7 8.
Qe2 Qc7 9. Kh1 Be7 10. f4 b5 11. a4 b4 12. Na2 Qb6 13. Be3 Nc5 14. Nb3 Bb7 15.
Bxc5 dxc5 16. Nd2 Qc7 17. Nc4 g6 18. Rae1 O-O 19. Nc1 Bc6 20. a5 Rad8 21. Nb3
Bb5 22. Nbd2 Rd4 23. f5 Nh5 24. fxe6 fxe6 25. Qg4 Ng7 26. Rxf8+ Bxf8 27. Rf1
Be7 28. b3 Rd8 29. Nf3 Rf8 30. Re1 Bf6 31. e5 Be7 32. Ng5 Bxg5 33. Qxg5 Nf5 34.
h4 Kh8 35. h5 gxh5 36. Kg1 Bxc4 37. bxc4 Qf7 38. Rf1 Qg6 39. Qf4 Qg4 40. Rf2
Qxf4 41. Rxf4 Kg7 42. Kf2 Kg6 43. Ke1 Kg5 44. Rf3 Rd8 45. Kd2 Rd4 46. c3 bxc3+
47. Kxc3 Rf4 48. Rh3 h4 49. Rh1 Rg4 50. Rf1 Rxg2 51. Bxf5 exf5 52. Re1 Kf4 53.
e6 Rg8 54. e7 Re8 55. Kd3 h3 56. Rf1+ Kg4 57. Rg1+ Kh4 0-1

[Event "Calgary int."]
[Site "Calgary CAN"]
[Date "2010.05.20"]
[Round "1.5"]
[White "Fedorowicz, John"]
[Black "Yam, Alex"]
[Result "1-0"]
[WhiteElo "2456"]
[BlackElo "2167"]
[PlyCount "81"]
[EventDate "2010.05.20"]
[EventType "swiss"]
[EventRounds "9"]
[EventCountry "CAN"]

1. d4 Nf6 2. c4 e6 3. Nf3 c5 4. d5 exd5 5. cxd5 d6 6. Nc3 g6 7. Nd2 Nbd7 8. e4
a6 9. a4 Bg7 10. Be2 O-O 11. O-O Re8 12. Ra3 Rb8 13. Qc2 Ne5 14. a5 g5 15. Nd1
Ng6 16. Ne3 Qe7 17. f3 Nh5 18. Ndc4 Bd4 19. Nb6 g4 20. Nxc8 Rbxc8 21. fxg4 Nf6
22. Kh1 Qxe4 23. Bd3 Qe5 24. Nc4 Qe1 25. Ne3 Rxe3 26. Bxe3 Qxe3 27. Bxg6 Qg5
28. Bf5 Re8 29. Raf3 Qg7 30. Qb3 Re7 31. g5 Ne8 32. Rh3 Qe5 33. Bxh7+ Kg7 34.
Bd3 Nc7 35. Rh7+ Kg8 36. g6 fxg6 37. Rxe7 Qxe7 38. Bxg6 Qe2 39. Bd3 Qxb2 40.
Qd1 Ne8 41. Qg4+ 1-0

[Event "Calgary int."]
[Site "Calgary CAN"]
[Date "2010.05.20"]
[Round "1.8"]
[White "MacKinnon, Keith"]
[Black "Hansen, Eric"]
[Result "0-1"]
[WhiteElo "2140"]
[BlackElo "2410"]
[PlyCount "36"]
[EventDate "2010.05.20"]
[EventType "swiss"]
[EventRounds "9"]
[EventCountry "CAN"]

1. e4 c5 2. Nf3 e6 3. d4 cxd4 4. Nxd4 a6 5. Bd3 Bc5 6. Nb3 Be7 7. Qg4 Bf6 8.
O-O Nc6 9. Qe2 Nge7 10. f4 d6 11. c4 Ng6 12. Nc3 O-O 13. Bd2 Rb8 14. Kh1 Nd4
15. Nxd4 Bxd4 16. Rac1 Bd7 17. Be3 Bxe3 18. Qxe3 Bc6 0-1

[Event "Calgary int."]
[Site "Calgary CAN"]
[Date "2010.05.21"]
[Round "2.4"]
[White "Castellanos, Renier"]
[Black "Esserman, Mark"]
[Result "1-0"]
[WhiteElo "2465"]
[BlackElo "2418"]
[PlyCount "81"]
[EventDate "2010.05.20"]
[EventType "swiss"]
[EventRounds "9"]
[EventCountry "CAN"]

1. e4 c5 2. Nf3 d6 3. d4 cxd4 4. Nxd4 Nf6 5. Nc3 a6 6. Bg5 e6 7. f4 Be7 8. Qf3
Qc7 9. O-O-O Nbd7 10. g4 b5 11. Bxf6 Nxf6 12. g5 Nd7 13. f5 Nc5 14. f6 gxf6 15.
gxf6 Bf8 16. Rg1 h5 17. Kb1 b4 18. Nd5 exd5 19. exd5 Bg4 20. Re1+ Kd8 21. Qf2
Kc8 22. h3 Bd7 23. Rg7 Bxg7 24. fxg7 Rg8 25. Qxf7 Qd8 26. Re3 Qg5 27. Re7 Qd2
28. a3 Rxg7 29. Qf8+ Kc7 30. Qxg7 Qd1+ 31. Ka2 Qxf1 32. axb4 Qc4+ 33. Nb3 Qxb4
34. Nxc5 Qxc5 35. Rxd7+ Kc8 36. Kb1 Qxd5 37. Qe7 Qd1+ 38. Ka2 Qd5+ 39. b3 Qa5+
40. Kb1 Qe1+ 41. Qxe1 1-0

[Event "Calgary int."]
[Site "Calgary CAN"]
[Date "2010.05.21"]
[Round "2.8"]
[White "Gardner, Robert"]
[Black "Neven, Knut"]
[Result "1-0"]
[WhiteElo "2144"]
[BlackElo "2180"]
[PlyCount "145"]
[EventDate "2010.05.20"]
[EventType "swiss"]
[EventRounds "9"]
[EventCountry "CAN"]

1. d4 Nf6 2. c4 g6 3. Nc3 d5 4. h4 c6 5. cxd5 cxd5 6. Bf4 Bg7 7. e3 Nc6 8. Be2
Qb6 9. Nb5 Qa5+ 10. Kf1 Ne4 11. Nf3 e5 12. Nxe5 Nxe5 13. dxe5 O-O 14. Kg1 Bd7
15. Qxd5 Bc6 16. Qd3 Bxb5 17. Qxb5 Qxb5 18. Bxb5 Rfd8 19. f3 Nc5 20. Kh2 Rd2
21. b4 Ne6 22. Rhd1 Rad8 23. Rxd2 Rxd2 24. Bg3 Rb2 25. a3 a5 26. Bc4 axb4 27.
axb4 Rxb4 28. Ra8+ Bf8 29. Ba2 Kg7 30. e4 Bc5 31. Re8 Nd4 32. e6 fxe6 33. Bxe6
Nxe6 34. Rxe6 Kf7 35. Re5 b6 36. Rd5 Ke6 37. h5 Rd4 38. Rg5 Kf6 39. Bh4 Bd6+
40. g3 Kf7 41. hxg6+ hxg6 42. Rb5 Bc5 43. Kh3 Rb4 44. Rxb4 Bxb4 45. Kg2 b5 46.
Kf2 Bc5+ 47. Ke2 b4 48. Bg5 b3 49. Kd2 Bd4 50. Kc1 Bc3 51. Kb1 b2 52. Be3 Ke6
53. g4 Kf6 54. Bh6 g5 55. Bf8 Ba5 56. Bd6 Ke6 57. Bb8 Bc3 58. Bc7 Kd7 59. Bb6
Ke6 60. Bd8 Bd2 61. Kxb2 Ke5 62. Kc2 Be3 63. Kd3 Bc1 64. Ba5 Kf6 65. Bc3+ Kg6
66. Kd4 Ba3 67. Kd5 Kf7 68. Ke5 Kg6 69. Ke6 Bf8 70. e5 Ba3 71. Kd7 Kf7 72. e6+
Kf8 73. Bf6 1-0

[Event "Calgary int."]
[Site "Calgary CAN"]
[Date "2010.05.21"]
[Round "2.9"]
[White "Yam, Alex"]
[Black "MacKinnon, Keith"]
[Result "1/2-1/2"]
[WhiteElo "2167"]
[BlackElo "2140"]
[PlyCount "73"]
[EventDate "2010.05.20"]
[EventType "swiss"]
[EventRounds "9"]
[EventCountry "CAN"]

1. e4 c5 2. c3 e6 3. d4 d5 4. exd5 exd5 5. Nf3 Nc6 6. dxc5 Bxc5 7. Nbd2 Nge7 8.
Nb3 Bd6 9. Bd3 Bg4 10. O-O Qd7 11. Be3 O-O 12. Re1 Rae8 13. Bc5 Ng6 14. Rxe8
Rxe8 15. h3 Be6 16. Bxd6 Qxd6 17. Bxg6 hxg6 18. Nbd4 Bd7 19. Qd2 Ne7 20. Rd1
Nc8 21. Nc2 Bc6 22. Ne3 Rd8 23. Qd4 Qf6 24. Ne1 Qxd4 25. Rxd4 f6 26. Nd3 Kf7
27. Nf4 Nb6 28. c4 g5 29. Nfxd5 Rd7 30. b3 Ke6 31. Re4+ Kf7 32. Rd4 Ke6 33.
Re4+ Kf7 34. Nxb6 axb6 35. Nd5 b5 36. Re1 bxc4 37. Nb4 1/2-1/2

[Event "Calgary int."]
[Site "Calgary CAN"]
[Date "2010.05.21"]
[Round "3.1"]
[White "Mikhalevski, Victor"]
[Black "Castellanos, Renier"]
[Result "0-1"]
[WhiteElo "2614"]
[BlackElo "2465"]
[PlyCount "172"]
[EventDate "2010.05.20"]
[EventType "swiss"]
[EventRounds "9"]
[EventCountry "CAN"]

1. d4 Nf6 2. c4 g6 3. g3 Bg7 4. Bg2 O-O 5. Nc3 d6 6. Nf3 Nbd7 7. O-O e5 8. e4
c6 9. h3 a5 10. Be3 a4 11. Qc2 exd4 12. Bxd4 Qa5 13. Rfe1 Re8 14. Rad1 Ne5 15.
Nd2 Qb4 16. a3 Qa5 17. c5 d5 18. f4 Ned7 19. b4 axb3 20. Nxb3 Qd8 21. exd5
Rxe1+ 22. Rxe1 Nxd5 23. Bxg7 Kxg7 24. Ne4 b6 25. Qb2+ Kg8 26. Nd4 bxc5 27. Nxc6
Qb6 28. Nf6+ N7xf6 29. Ne7+ Kf8 30. Qxb6 Nxb6 31. Bxa8 Be6 32. f5 gxf5 33. Nxf5
Bxf5 34. Rf1 Be6 35. Rxf6 Nxa8 36. Rh6 Kg7 37. Rh5 c4 38. Rb5 Nc7 39. Rc5 Na6
40. Rc6 Nb8 41. Rc7 Kf6 42. Kf2 Ke5 43. Ke3 Nd7 44. Rb7 Nc5 45. Rb8 Bxh3 46. a4
Nxa4 47. Rb5+ Kf6 48. Rb4 Nc5 49. Rxc4 Ne6 50. Ra4 Bf5 51. Ra7 Bg6 52. Ra5 h5
53. Rb5 Bf5 54. Rb7 Nf8 55. Kf2 Ng6 56. Rb6+ Be6 57. Rb4 Ne5 58. Rb5 Bf5 59.
Rb6+ Kg5 60. Rb5 f6 61. Rb6 h4 62. gxh4+ Kxh4 63. Ra6 Kg5 64. Kg3 Nd3 65. Kf3
Bg6 66. Ra5+ f5 67. Rd5 Nf4 68. Re5 Nh5 69. Rb5 Nf6 70. Rc5 Bf7 71. Re5 Bd5+
72. Kg3 Be4 73. Ra5 Nd5 74. Ra4 f4+ 75. Kf2 Nf6 76. Ra5+ Bd5 77. Ra3 Kf5 78.
Ke2 Kg4 79. Ra1 Bc4+ 80. Kf2 Ne4+ 81. Kg1 Kg3 82. Rb1 f3 83. Rb2 Be2 84. Rb3
Ng5 85. Kh1 Bf1 86. Rxf3+ Kxf3 0-1

[Event "Calgary int."]
[Site "Calgary CAN"]
[Date "2010.05.21"]
[Round "3.3"]
[White "Torre, Eugenio"]
[Black "Fedorowicz, John"]
[Result "1/2-1/2"]
[WhiteElo "2506"]
[BlackElo "2456"]
[PlyCount "64"]
[EventDate "2010.05.20"]
[EventType "swiss"]
[EventRounds "9"]
[EventCountry "CAN"]

1. d4 Nf6 2. Nf3 e6 3. Bg5 c5 4. e3 Be7 5. Nbd2 cxd4 6. exd4 b6 7. c3 Bb7 8.
Bd3 d6 9. O-O Nbd7 10. Re1 O-O 11. Bh4 Re8 12. Qc2 Nf8 13. Bb5 N6d7 14. Bxe7
Qxe7 15. Bd3 Nf6 16. Ne4 Nxe4 17. Bxe4 Bxe4 18. Qxe4 Qd7 19. Re3 Rac8 20. Rae1
Rc7 21. Qd3 Qa4 22. a3 Qb3 23. R1e2 Qd5 24. Qe4 Qxe4 25. Rxe4 Rec8 26. Ne1 Nd7
27. Nd3 Nf6 28. R4e3 b5 29. Re1 a5 30. Rc1 Nd5 31. Ree1 g6 32. Kf1 Kg7 1/2-1/2

[Event "Calgary int."]
[Site "Calgary CAN"]
[Date "2010.05.21"]
[Round "3.5"]
[White "Haessel, Dale"]
[Black "Piasetski, Leon"]
[Result "1/2-1/2"]
[WhiteElo "2207"]
[BlackElo "2301"]
[PlyCount "42"]
[EventDate "2010.05.20"]
[EventType "swiss"]
[EventRounds "9"]
[EventCountry "CAN"]

1. Nf3 g6 2. d4 Bg7 3. c4 f5 4. g3 Nf6 5. Bg2 O-O 6. O-O d6 7. Nc3 c6 8. b3 Na6
9. Bb2 Bd7 10. Qd2 Nc7 11. d5 c5 12. a4 Rb8 13. Qc2 b6 14. Nd2 a6 15. e4 b5 16.
axb5 axb5 17. Rab1 bxc4 18. bxc4 Na6 19. exf5 Nb4 20. Qd1 Bxf5 21. Nce4 Qd7
1/2-1/2

[Event "Calgary int."]
[Site "Calgary CAN"]
[Date "2010.05.21"]
[Round "3.6"]
[White "Day, Lawrence"]
[Black "Gardner, Robert"]
[Result "0-1"]
[WhiteElo "2288"]
[BlackElo "2144"]
[PlyCount "96"]
[EventDate "2010.05.20"]
[EventType "swiss"]
[EventRounds "9"]
[EventCountry "CAN"]

1. g3 g6 2. Bg2 Bg7 3. e4 d6 4. Nc3 Nf6 5. d3 O-O 6. h3 a6 7. Be3 e5 8. Qd2 b5
9. Nge2 Bb7 10. Bg5 Nbd7 11. h4 Qe8 12. f3 d5 13. h5 d4 14. Nd1 Nxh5 15. g4
Nhf6 16. Ng3 Qe6 17. Bh6 Ne8 18. Bxg7 Nxg7 19. Qh6 Nf6 20. Nf2 Rfd8 21. Bh3 Qd6
22. O-O-O c5 23. Rdg1 c4 24. dxc4 bxc4 25. Bf1 Rac8 26. Nf5 Nxf5 27. gxf5 Rd7
28. fxg6 fxg6 29. Bh3 Rdc7 30. Bf5 Rg7 31. Rxg6 hxg6 32. Bxc8 Bxc8 33. Qh8+ Kf7
34. Qxc8 Qe6 35. Qb7+ Kg8 36. Qa8+ Kf7 37. Rh8 Rg8 38. Rxg8 Nxg8 39. Ng4 Ne7
40. Qb8 Nc6 41. Qb6 Ke8 42. Qxa6 c3 43. bxc3 dxc3 44. Nxe5 Qxe5 45. Qxc6+ Kf8
46. a4 Qd4 47. Qd5 Qg1+ 48. Qd1 Qe3+ 0-1

[Event "Calgary int."]
[Site "Calgary CAN"]
[Date "2010.05.21"]
[Round "3.8"]
[White "MacKinnon, Keith"]
[Black "Me, Kevin"]
[Result "1/2-1/2"]
[WhiteElo "2140"]
[BlackElo "2103"]
[PlyCount "88"]
[EventDate "2010.05.20"]
[EventType "swiss"]
[EventRounds "9"]
[EventCountry "CAN"]

1. e4 e5 2. Nf3 Nc6 3. Bb5 a6 4. Ba4 Nf6 5. O-O b5 6. Bb3 Be7 7. Qe2 O-O 8. c3
d6 9. h3 Na5 10. Bc2 c5 11. Rd1 Qc7 12. d4 cxd4 13. cxd4 Bb7 14. d5 Rfc8 15.
Ne1 Nc4 16. b3 Nb6 17. Be3 Bd8 18. Nd2 Qe7 19. Nf1 Nbd7 20. Ng3 g6 21. Nf3 Nc5
22. Bg5 Qd7 23. b4 Na4 24. Bxa4 bxa4 25. Rac1 Ne8 26. Bxd8 Qxd8 27. Qe3 Qd7 28.
Nd2 Qb5 29. a3 a5 30. bxa5 Rxc1 31. Rxc1 Qxa5 32. Rb1 Ba6 33. Rb4 Bb5 34. Ne2
Rc8 35. Nc3 Rc5 36. Nxb5 Rxb5 37. Nc4 Qa6 38. Qc3 Nc7 39. Rxb5 Nxb5 40. Qb4 f6
41. Nb2 Kf7 42. Nxa4 Ke7 43. Nc3 Qxa3 44. Qxb5 Qxc3 1/2-1/2

[Event "Calgary int."]
[Site "Calgary CAN"]
[Date "2010.05.22"]
[Round "4.4"]
[White "Gardner, Robert"]
[Black "Mikhalevski, Victor"]
[Result "0-1"]
[WhiteElo "2144"]
[BlackElo "2614"]
[PlyCount "58"]
[EventDate "2010.05.20"]
[EventType "swiss"]
[EventRounds "9"]
[EventCountry "CAN"]

1. f4 d5 2. Nf3 g6 3. e3 Bg7 4. d3 Nc6 5. d4 Nf6 6. c4 O-O 7. cxd5 Nxd5 8. Nc3
Bf5 9. Nh4 e6 10. Nxf5 exf5 11. Nxd5 Qxd5 12. Qf3 Qd6 13. Kf2 Rfe8 14. Bb5 Re4
15. Rd1 Nb4 16. a3 Nd5 17. g4 Qb6 18. gxf5 Rxf4 19. exf4 Qxb5 20. a4 Qd7 21.
Qd3 Rd8 22. Kg3 Ne7 23. fxg6 Nf5+ 24. Kg2 Qd5+ 25. Kh3 hxg6 26. Ra3 Bxd4 27.
Qf3 Qe6 28. Qg4 Kg7 29. Kg2 Ne3+ 0-1

[Event "Calgary int."]
[Site "Calgary CAN"]
[Date "2010.05.22"]
[Round "4.6"]
[White "Piasetski, Leon"]
[Black "Esserman, Mark"]
[Result "1/2-1/2"]
[WhiteElo "2301"]
[BlackElo "2419"]
[PlyCount "65"]
[EventDate "2010.05.20"]
[EventType "swiss"]
[EventRounds "9"]
[EventCountry "CAN"]

1. Nf3 Nf6 2. c4 c6 3. g3 d5 4. Bg2 Bf5 5. O-O e6 6. b3 Bd6 7. Bb2 Nbd7 8. d3
O-O 9. Qc2 e5 10. Nh4 Be6 11. e4 a5 12. Nc3 d4 13. Ne2 a4 14. h3 g6 15. f4 exf4
16. gxf4 Nh5 17. Nf3 Bxf4 18. Nxf4 Nxf4 19. Qd2 Qc7 20. e5 Nxg2 21. Qh6 f6 22.
Nxd4 Qxe5 23. Nf5 Qxf5 24. Rxf5 Bxf5 25. Kxg2 axb3 26. axb3 Rxa1 27. Bxa1 Ra8
28. Bc3 Ra2+ 29. Kg3 Rc2 30. Ba1 Ra2 31. Bc3 Rc2 32. Ba1 Ra2 33. Bc3 1/2-1/2

[Event "Calgary int."]
[Site "Calgary CAN"]
[Date "2010.05.22"]
[Round "4.7"]
[White "MacKinnon, Keith"]
[Black "Day, Lawrence"]
[Result "1-0"]
[WhiteElo "2140"]
[BlackElo "2288"]
[PlyCount "69"]
[EventDate "2010.05.20"]
[EventType "swiss"]
[EventRounds "9"]
[EventCountry "CAN"]

1. e4 g6 2. d4 d6 3. Nc3 a6 4. f4 b5 5. Bd3 Nd7 6. Nf3 c5 7. e5 Bb7 8. Be4 Qc8
9. exd6 Ngf6 10. Bxb7 Qxb7 11. O-O b4 12. dxe7 Bxe7 13. Ne2 O-O 14. f5 Rfe8 15.
Bf4 Nd5 16. Qd2 Bf6 17. Rae1 Re4 18. Bg5 Bxg5 19. Nxg5 Rg4 20. Nf3 cxd4 21. h3
Re4 22. fxg6 fxg6 23. Nexd4 Rae8 24. Ng5 R4e5 25. Ndf3 Rxe1 26. Rxe1 Rxe1+ 27.
Qxe1 Qb6+ 28. Kh1 Ne3 29. Qd2 Nf6 30. Qd3 Nfd5 31. Qe4 Qc6 32. Qe5 Nf5 33. g4
Nfe7 34. Ne6 Nf5 35. Qb8+ 1-0

[Event "Calgary int."]
[Site "Calgary CAN"]
[Date "2010.05.22"]
[Round "4.9"]
[White "Yam, Alex"]
[Black "Neven, Knut"]
[Result "1/2-1/2"]
[WhiteElo "2167"]
[BlackElo "2180"]
[PlyCount "93"]
[EventDate "2010.05.20"]
[EventType "swiss"]
[EventRounds "9"]
[EventCountry "CAN"]

1. e4 e6 2. d3 d5 3. Nd2 c5 4. Ngf3 Nc6 5. g3 g6 6. Bg2 Bg7 7. O-O Nge7 8. Re1
O-O 9. h4 b6 10. e5 Qc7 11. Qe2 Ba6 12. c3 Rad8 13. Nf1 b5 14. Bg5 d4 15. N1d2
dxc3 16. bxc3 Rd5 17. Bf6 Rfd8 18. Ne4 b4 19. c4 Nd4 20. Nxd4 Rxd4 21. Rad1 Bb7
22. g4 Bxe4 23. Bxe4 R8d7 24. Qf3 Bxf6 25. Qxf6 Qd8 26. Qf3 Nc8 27. Kg2 Nb6 28.
Ra1 Qxh4 29. Qf4 g5 30. Qf3 Qh6 31. Rh1 Qg7 32. Bxh7+ Kf8 33. Rae1 Rf4 34. Qc6
Rxg4+ 35. Kf1 Rh4 36. Qxc5+ Ke8 37. Be4 Qf8 38. Qb5 Kd8 39. Ke2 Qh6 40. Rxh4
gxh4 41. Rg1 Qh8 42. f4 h3 43. Qxb4 h2 44. Rd1 f5 45. Bf3 Qh3 46. d4 Qg3 47.
Qf8+ 1/2-1/2

[Event "Calgary int."]
[Site "Calgary CAN"]
[Date "2010.05.22"]
[Round "5.5"]
[White "Gardner, Robert"]
[Black "Piasetski, Leon"]
[Result "1-0"]
[WhiteElo "2144"]
[BlackElo "2301"]
[PlyCount "79"]
[EventDate "2010.05.20"]
[EventType "swiss"]
[EventRounds "9"]
[EventCountry "CAN"]

1. f4 d5 2. Nf3 g6 3. e3 Bg7 4. Be2 Nf6 5. O-O O-O 6. d3 c5 7. Nc3 d4 8. Ne4
Qb6 9. Nxf6+ exf6 10. e4 f5 11. Kh1 Nc6 12. Nd2 Ne7 13. h3 Be6 14. g4 fxe4 15.
dxe4 f5 16. gxf5 gxf5 17. e5 Bd5+ 18. Bf3 Qh6 19. Bxd5+ Nxd5 20. Qf3 Ne3 21.
Rf2 Qh4 22. Nf1 Nxf1 23. Rxf1 Rf7 24. Bd2 Kh8 25. Rg1 Rg8 26. Rg5 Bf8 27. Rxg8+
Kxg8 28. Rg1+ Kh8 29. Be1 Qh6 30. Kh2 Qe6 31. Bh4 Bg7 32. Qg3 Qe8 33. Qg2 Rd7
34. Qg5 Qe6 35. Qh5 Rf7 36. Qe2 Rd7 37. Qb5 b6 38. Qe2 h6 39. Qh5 Kh7 40. Bf6
1-0

[Event "Calgary int."]
[Site "Calgary CAN"]
[Date "2010.05.22"]
[Round "5.8"]
[White "Day, Lawrence"]
[Black "Yam, Alex"]
[Result "1-0"]
[WhiteElo "2288"]
[BlackElo "2167"]
[PlyCount "149"]
[EventDate "2010.05.20"]
[EventType "swiss"]
[EventRounds "9"]
[EventCountry "CAN"]

1. Nf3 g6 2. e4 Bg7 3. d4 d6 4. h3 c5 5. d5 Nf6 6. Nc3 O-O 7. Bf4 b5 8. Bxb5
Nxe4 9. Nxe4 Qa5+ 10. Nc3 Bxc3+ 11. bxc3 Qxb5 12. Nd2 Bf5 13. g4 Qa4 14. c4
Bxc2 15. Qc1 Nd7 16. Qb2 g5 17. Bxg5 Rfe8 18. O-O Bg6 19. Bh6 f6 20. f4 Rab8
21. Qc3 Qc2 22. Rfc1 Qxc3 23. Rxc3 f5 24. Ra3 Rb2 25. Rd1 Nf6 26. gxf5 Bh5 27.
Rg3+ Kf7 28. Rg7+ Kf8 29. Re1 Ng8 30. Rxh7+ Nxh6 31. Rxh6 Rxd2 32. Rxh5 Kf7 33.
Rh7+ Kg8 34. Rhxe7 Rf8 35. R1e2 Rd4 36. Rg2+ Kh8 37. Re6 Kh7 38. Rxd6 Rxf5 39.
Rd7+ Kh8 40. Rxa7 Rxc4 41. Ra8+ Kh7 42. d6 Rd5 43. Ra7+ Kh6 44. Ra8 Kh7 45. Rf8
Rxd6 46. f5 Rf4 47. Kh2 Rh6 48. Rg6 Rfh4 49. Rf7+ Kh8 50. Rg3 Ra4 51. Rf8+ Kh7
52. Rf7+ Kh8 53. a3 Rha6 54. f6 Ra8 55. Rg5 R8a7 56. Rxa7 Rxa7 57. Rg3 Rc7 58.
Kg2 c4 59. Re3 Kg8 60. Kf3 Rb7 61. Ke4 Kf7 62. Rf3 Rb8 63. Kd4 Rc8 64. Kc3 Rc7
65. a4 Ra7 66. Kb4 c3 67. Rxc3 Kxf6 68. a5 Rb7+ 69. Ka4 Rb1 70. a6 Rb8 71. Ka5
Rg8 72. a7 Ke5 73. Kb6 Kd6 74. Rd3+ Ke6 75. Ra3 1-0

[Event "Calgary int."]
[Site "Calgary CAN"]
[Date "2010.05.22"]
[Round "5.9"]
[White "Me, Kevin"]
[Black "Neven, Knut"]
[Result "0-1"]
[WhiteElo "2103"]
[BlackElo "2180"]
[PlyCount "128"]
[EventDate "2010.05.20"]
[EventType "swiss"]
[EventRounds "9"]
[EventCountry "CAN"]

1. d4 Nf6 2. Nf3 g6 3. c4 Bg7 4. g3 d5 5. cxd5 O-O 6. Nc3 Nxd5 7. Bg2 Nb6 8. e4
Bg4 9. Be3 Nc4 10. Qb3 Nxe3 11. fxe3 Nd7 12. O-O c5 13. e5 cxd4 14. exd4 Nb6
15. Rad1 Rc8 16. h3 Bxf3 17. Rxf3 Nc4 18. Bf1 Na5 19. Qb5 a6 20. Qe2 Nc6 21.
Qf2 Qb6 22. Ne4 Rcd8 23. Rb3 Qa7 24. Rbd3 f6 25. exf6 Bxf6 26. Nxf6+ Rxf6 27.
Qe3 Rfd6 28. d5 Qxe3+ 29. Rxe3 e6 30. dxc6 Rxd1 31. cxb7 Rf8 32. Kg2 Rdxf1 33.
b8=Q R1f2+ 34. Kg1 Rf1+ 35. Kg2 R1f2+ 36. Kg1 Rxb8 37. Kxf2 Rxb2+ 38. Kf3 Kf7
39. Ra3 Rb6 40. Ra5 Ke7 41. a3 Kd6 42. Kf4 Kc6 43. h4 Kb7 44. g4 Rc6 45. h5 Kb6
46. Re5 gxh5 47. gxh5 h6 48. Re4 Kb5 49. a4+ Ka5 50. Kg4 Rb6 51. Kf4 Rb4 52.
Rxb4 Kxb4 53. Ke5 Kxa4 54. Kxe6 Kb4 55. Kf6 a5 56. Kg6 a4 57. Kxh6 a3 58. Kg7
a2 59. h6 a1=Q+ 60. Kg8 Qg1+ 61. Kh8 Qd4+ 62. Kg8 Qd5+ 63. Kh8 Qe5+ 64. Kg8
Qg5+ 0-1

[Event "Calgary int."]
[Site "Calgary CAN"]
[Date "2010.05.23"]
[Round "6.1"]
[White "Castellanos, Renier"]
[Black "Torre, Eugenio"]
[Result "0-1"]
[WhiteElo "2465"]
[BlackElo "2506"]
[PlyCount "80"]
[EventDate "2010.05.20"]
[EventType "swiss"]
[EventRounds "9"]
[EventCountry "CAN"]

1. e4 e5 2. Nf3 Nc6 3. Bb5 a6 4. Ba4 Nf6 5. O-O Be7 6. Re1 b5 7. Bb3 d6 8. c3
Bg4 9. d4 O-O 10. d5 Na5 11. Bc2 c6 12. h3 Bc8 13. dxc6 Qc7 14. Nbd2 Qxc6 15.
Nf1 Bb7 16. a4 Nc4 17. Qe2 Nb6 18. axb5 axb5 19. Bg5 Na4 20. Ng3 g6 21. Nh4 Bd8
22. Bd3 Ba6 23. b4 Nh5 24. Nxh5 Bxg5 25. Nf3 Be7 26. Rxa4 bxa4 27. b5 Bxb5 28.
Bxb5 Qxc3 29. Ng3 a3 30. Bc4 Ra7 31. Rd1 Rc8 32. Bd5 Rb8 33. Rd3 a2 34. Bxf7+
Kxf7 35. Qxa2+ Rxa2 36. Rxc3 Rbb2 37. Nh1 Bd8 38. h4 h6 39. Rc6 Ke6 40. h5 gxh5
0-1